000 01177cam a2200337 a 4500
999 _c168
_d168
001 .b15099386
003 OCoLC
005 20190729140304.0
008 120824r20132011nyu 000 f eng d
020 _a0545224918 (pbk.) :
020 _a9780545224918 (pbk.) :
035 _a(OCoLC)808217462
040 _aYDXCP
_cYDXCP
_dBTCTA
_dBDX
041 0 _aeng
042 _anbic
082 0 _aFIC STI
100 1 _aStiefvater, Maggie,
_d1981-
_eauthor
245 1 4 _aThe Scorpio races /
_cMaggie Stiefvater.
260 _aNew York :
_bScholastic,
_c2013.
300 _a435 p. ;
_c21 cm.
500 _aReprint. Originally published in 2011.
520 _aNineteen-year-old returning champion Sean Kendrick competes against Puck Connolly, the first girl ever to ride in the annual Scorpio Races, both trying to keep hold of their dangerous water horses long enough to make it to the finish line.
586 _a2012 Prinz Honor Book.
650 0 _aHorses
_vJuvenile fiction.
650 0 _aOrphans
_vJuvenile fiction.
650 0 _aRacing
_vJuvenile fiction.
650 1 _aHorses
_vFiction.
650 1 _aOrphans
_vFiction.
650 1 _aRacing
_vFiction.
942 _2ddc
_cFIC